000 00408nam a22001697a 4500
005 20180717150714.0
008 160511b xxu||||| |||| 00| 0 eng d
020 _a81-259-1091-3
041 _aeng
082 _b1313
_a658.1511
100 _aGopu J
_9459
245 _aManagement Accounting
260 _bVikas Publishing house Pvt. Ltd.
_c2002
300 _a343p,
650 _aManagement
_9241
942 _cBK
999 _c576
_d576